| 000 | 01028nas a2200301 4500 | ||
|---|---|---|---|
| 001 | BR2011006877 | ||
| 003 | BR-BrBNA | ||
| 005 | 20231205120102.0 | ||
| 007 | ta | ||
| 008 | 230509b bl.|||p| |||| 00| 00por d | ||
| 040 |
_aBR-BrBNA _bpor _cBiblioteca Nacional de Agricultura |
||
| 041 | _a(Pt) | ||
| 072 | _aP31; U10 | ||
| 100 | 1 | _aChagas, C.S. | |
| 100 | 1 | _aFernandes Filho, E.I. | |
| 100 | 1 | _aRocha, M.F. | |
| 100 | 1 | _aCarvalho Júnior, W. de | |
| 100 | 1 | _aSouza Neto, N.C. | |
| 245 | 1 | _aAvaliação de modelos digitais de elevação para aplicação em um mapeamento digital de solos | |
| 650 | _aRECONHECIMENTO DO SOLO | ||
| 650 | _aFISIOGRAFIA | ||
| 650 | _aTECNOLOGIA DA INFORMAÇÃO | ||
| 650 | _aCULTIVO EM CURVA DE NÍVEL | ||
| 773 | 0 |
_tRevista Brasileira de Engenharia Agrícola e Ambiental (Brazil) _xISSN 1807-1929 _g(Fev 2010), v.14(2) p. 218-226 _wBR2011006877 |
|
| 856 | 4 | 0 | _uhttp://www.scielo.br/pdf/rbeaa/v14n2/v14n02a14.pdf |
| 909 |
_a202311 _bLúcia _c55 _dLúcia Elande |
||
| 942 |
_2AGRIS _n0 _cANA |
||
| 999 |
_c217002 _d217002 |
||